FELCSER 2009

Bibliographic Details
Main Author: Bodzás, Gergely (Author)
Format: Article
Language:Hungarian
PhysicalDescription:Fotogr.
ISSN:1336-0434
Subjects:

MARC

LEADER 00000nab a2200000 ar4500
001 vtls010058090
003 SK-MaSNL
005 20260304195708.0
008 100127c2009 xo |||||||| 000 b|hun
015 |a SNBRB2009/02  |2 snkbucl 
038 |a SNKBUCL 
040 |a DSZK  |b slo  |c DSZK  |e AACR2 
041 0 |a hun 
044 |a xo  |c SK 
080 |a 379.831:061.2  |x (=511.141)  |x (437.6)  |2 1997 
080 |a 796.03  |2 1997 
080 |a 398.1  |x (=511.141)  |x (437.6)  |2 1997 
100 0 |a Bodzás, Gergely  |4 aut  |9 268229 
245 1 0 |a FELCSER 2009  |c Bodzás Gergely 
246 3 |a Felvidéki Cserkész Regöstalálkozó 2009 
300 |b Fotogr. 
610 2 7 |a Zväz skautov maďarskej národnosti na Slovensku  |2 snkbucl  |9 660616 
611 2 7 |a FELCSER  |n (5. :  |d 2009 :  |c Marcelová, Slovensko)  |2 snkbucl  |9 1530766 
650 0 7 |a skauting  |2 snkbucl  |9 3238 
650 0 7 |a ľudové tradície  |2 snkbucl  |9 4960 
651 7 |a Marcelová (Slovensko)  |2 snkbucl  |9 58694 
773 0 |t Cserkész  |g Évf. 19, sz. 9 (2008), o. [2]  |x 1336-0434 
852 |a SNK  |b KIS3GCP 
852 |a DSZK  |b KIS3GCP 
958 |a HU 
958 |a SK 
999 |c 3082613  |d 3084543